00417 a2200121 4500001001000000005001700010008004100027245010200068100002400170700002200194773006200216999001700278ART_4714320260410161850.0260409a 10aEstimaciones paramétricas y no paramétricas del ingreso de los ocupados del Gran Buenos Aires1 aBotargues, Patricia1 aPetrecolla, Diego0 tEconómicag- Año XLV, Nº 1 (ene./jun. 1999)wREV7541 c24932d24932